00207nam a2200085Ia 450000500170000000800410001724500360005826000100009499900170010420250523150954.0250523s9999 xx 000 0 und d 0aOrmandan Gelen SescJack London bALTIN c11917d11917